|
|
|
|
| LEADER |
00000nab a2200000 a 4500 |
| 001 |
vtls010340927 |
| 003 |
SK-MaSNL |
| 005 |
20260303093459.0 |
| 008 |
120209c2010 xo r m 000 00slo |
| 015 |
|
|
|a SNBRA2012/02SVKPO
|
| 038 |
|
|
|a SVKPO
|
| 040 |
|
|
|a SVKPOCL
|b slo
|c SVKPOCL
|e AACR2
|
| 041 |
0 |
|
|a slo
|
| 044 |
|
|
|a xo
|c SK
|
| 080 |
|
|
|a (=15)
|2 2001
|
| 080 |
|
|
|a 902/904(364)(=15)
|2 2001
|
| 080 |
|
|
|a 316.3(=15)
|2 2001
|
| 080 |
|
|
|a (048.8)
|2 2001
|
| 080 |
|
|
|a (048)
|2 2001
|
| 100 |
1 |
|
|a Tokárová, Lucia,
|d 1984-
|4 aut
|9 1104711
|
| 245 |
1 |
0 |
|a Cunliffe, Barry. Keltové. Průvodce pro každého. Praha : Dokořán, 2009...
|c Lucia Tokárová
|
| 650 |
0 |
7 |
|a Kelti
|2 svkpocl
|9 21276
|
| 655 |
|
7 |
|a recenzie
|2 svkpocl
|9 21907
|
| 655 |
|
7 |
|a monografie
|2 svkpocl
|9 70139
|
| 773 |
0 |
|
|t Annales historici Presovienses. Vol. 9/2010 / [výkonný redaktor: Martin Pekár
|d Prešov : Universum-eu, spol. s r. o., 2010
|g S. 329-330
|z ISSN 1336-7528
|z 9788089046454
|
| 787 |
0 |
8 |
|i Rec.:
|a Cunliffe, Barry
|t Keltové. Průvodce pro každého
|d Praha : Dokořán, 2009
|z 9788073631628
|
| 852 |
|
|
|a SVKPO
|b KIS3GCP
|
| 958 |
|
|
|a SK
|
| 958 |
|
|
|a NB
|
| 958 |
|
|
|a RC
|
| 999 |
|
|
|c 1815768
|d 1817698
|